<?xml version="1.0" encoding="UTF-8"?>
<record
    xmlns:xsi="http://www.w3.org/2001/XMLSchema-instance"
    xsi:schemaLocation="http://www.loc.gov/MARC21/slim http://www.loc.gov/standards/marcxml/schema/MARC21slim.xsd"
    xmlns="http://www.loc.gov/MARC21/slim">

  <leader>00690nam a22001577a 4500</leader>
  <controlfield tag="003">OSt</controlfield>
  <controlfield tag="005">20151130082125.0</controlfield>
  <controlfield tag="008">151130b        xxu||||| |||| 00| 0 eng d</controlfield>
  <datafield tag="040" ind1=" " ind2=" ">
    <subfield code="c">RUA</subfield>
  </datafield>
  <datafield tag="082" ind1=" " ind2=" ">
    <subfield code="a">FIS CHH 1998 B168 Or.1</subfield>
  </datafield>
  <datafield tag="100" ind1=" " ind2=" ">
    <subfield code="9">3979</subfield>
    <subfield code="a">CHHOUN, VOUN.</subfield>
  </datafield>
  <datafield tag="245" ind1=" " ind2=" ">
    <subfield code="a">the assessment of availability and demand of fish seed in the area of read project (&#x1780;&#x17B6;&#x179A;&#x179C;&#x17B6;&#x1799;&#x178F;&#x17C6;&#x179B;&#x17C3;&#x179B;&#x17BE;&#x1780;&#x17BC;&#x1793;&#x178F;&#x17D2;&#x179A;&#x17B8;&#x1796;&#x17BC;&#x1787;&#x178A;&#x17C2;&#x179B;&#x179B;&#x17A2;&#x17B6;&#x1785;&#x179A;&#x1780;&#x1794;&#x17B6;&#x1793; &#x1793;&#x17B7;&#x1784; &#x178F;&#x17C6;&#x179A;&#x17BC;&#x179C;&#x1780;&#x17B6;&#x179A;&#x1780;&#x17BC;&#x1793;&#x178F;&#x17D2;&#x179A;&#x17B8;&#x1796;&#x17BC;&#x1787;&#x1793;&#x17C5;&#x1780;&#x17D2;&#x1793;&#x17BB;&#x1784;&#x178F;&#x17C6;&#x1794;&#x1793;&#x17CB;&#x179A;&#x1794;&#x179F;&#x17CB;&#x1782;&#x17D2;&#x179A;&#x17C4;&#x1784;&#x1780;&#x17B6;&#x179A;&#x178E;&#x17CD;)</subfield>
  </datafield>
  <datafield tag="260" ind1=" " ind2=" ">
    <subfield code="a">Phnom Penh</subfield>
    <subfield code="b">RUA</subfield>
    <subfield code="c">1999</subfield>
  </datafield>
  <datafield tag="300" ind1=" " ind2=" ">
    <subfield code="a">65p.</subfield>
    <subfield code="b">ill.</subfield>
    <subfield code="c">29cm.</subfield>
  </datafield>
  <datafield tag="942" ind1=" " ind2=" ">
    <subfield code="2">ddc</subfield>
    <subfield code="c">FIS</subfield>
  </datafield>
  <datafield tag="999" ind1=" " ind2=" ">
    <subfield code="c">3700</subfield>
    <subfield code="d">3700</subfield>
  </datafield>
  <datafield tag="952" ind1=" " ind2=" ">
    <subfield code="0">0</subfield>
    <subfield code="1">0</subfield>
    <subfield code="2">ddc</subfield>
    <subfield code="4">0</subfield>
    <subfield code="6">FIS_CHH_1998_000000000000000_B168_OR_1</subfield>
    <subfield code="7">0</subfield>
    <subfield code="9">18402</subfield>
    <subfield code="a">LBB</subfield>
    <subfield code="b">LBB</subfield>
    <subfield code="c">B168</subfield>
    <subfield code="d">2015-11-30</subfield>
    <subfield code="o">FIS CHH 1998 B168 Or.1</subfield>
    <subfield code="p">RUA025660</subfield>
    <subfield code="r">2015-11-30</subfield>
    <subfield code="w">2015-11-30</subfield>
    <subfield code="y">FIS</subfield>
  </datafield>
  <datafield tag="952" ind1=" " ind2=" ">
    <subfield code="0">0</subfield>
    <subfield code="1">0</subfield>
    <subfield code="2">ddc</subfield>
    <subfield code="4">0</subfield>
    <subfield code="6">FIS_CHH_1998_000000000000000_B168_OR_2</subfield>
    <subfield code="7">0</subfield>
    <subfield code="9">18403</subfield>
    <subfield code="a">LBB</subfield>
    <subfield code="b">LBB</subfield>
    <subfield code="c">B168</subfield>
    <subfield code="d">2015-11-30</subfield>
    <subfield code="o">FIS CHH 1998 B168 Or.2</subfield>
    <subfield code="p">RUA025561</subfield>
    <subfield code="r">2015-11-30</subfield>
    <subfield code="w">2015-11-30</subfield>
    <subfield code="y">FIS</subfield>
  </datafield>
  <datafield tag="952" ind1=" " ind2=" ">
    <subfield code="0">0</subfield>
    <subfield code="1">0</subfield>
    <subfield code="2">ddc</subfield>
    <subfield code="4">0</subfield>
    <subfield code="6">FIS_CHH_1998_000000000000000_B168_OR_3</subfield>
    <subfield code="7">0</subfield>
    <subfield code="9">18404</subfield>
    <subfield code="a">LBB</subfield>
    <subfield code="b">LBB</subfield>
    <subfield code="c">B168</subfield>
    <subfield code="d">2015-11-30</subfield>
    <subfield code="o">FIS CHH 1998 B168 Or.3</subfield>
    <subfield code="p">RUA025529</subfield>
    <subfield code="r">2015-11-30</subfield>
    <subfield code="w">2015-11-30</subfield>
    <subfield code="y">FIS</subfield>
  </datafield>
  <datafield tag="952" ind1=" " ind2=" ">
    <subfield code="0">0</subfield>
    <subfield code="1">0</subfield>
    <subfield code="2">ddc</subfield>
    <subfield code="4">0</subfield>
    <subfield code="6">FIS_CHH_1998_000000000000000_B168_OR_4</subfield>
    <subfield code="7">0</subfield>
    <subfield code="9">18405</subfield>
    <subfield code="a">LBB</subfield>
    <subfield code="b">LBB</subfield>
    <subfield code="c">B168</subfield>
    <subfield code="d">2015-11-30</subfield>
    <subfield code="o">FIS CHH 1998 B168 Or.4</subfield>
    <subfield code="p">RUA025548</subfield>
    <subfield code="r">2015-11-30</subfield>
    <subfield code="w">2015-11-30</subfield>
    <subfield code="y">FIS</subfield>
  </datafield>
  <datafield tag="952" ind1=" " ind2=" ">
    <subfield code="0">0</subfield>
    <subfield code="1">0</subfield>
    <subfield code="2">ddc</subfield>
    <subfield code="4">0</subfield>
    <subfield code="6">FIS_CHH_1998_000000000000000_B168_OR_5</subfield>
    <subfield code="7">0</subfield>
    <subfield code="9">18406</subfield>
    <subfield code="a">LBB</subfield>
    <subfield code="b">LBB</subfield>
    <subfield code="c">B168</subfield>
    <subfield code="d">2015-11-30</subfield>
    <subfield code="o">FIS CHH 1998 B168 Or.5</subfield>
    <subfield code="p">RUA025547</subfield>
    <subfield code="r">2015-11-30</subfield>
    <subfield code="w">2015-11-30</subfield>
    <subfield code="y">FIS</subfield>
  </datafield>
  <datafield tag="952" ind1=" " ind2=" ">
    <subfield code="0">0</subfield>
    <subfield code="1">0</subfield>
    <subfield code="2">ddc</subfield>
    <subfield code="4">0</subfield>
    <subfield code="6">FIS_CHH_1998_000000000000000_B168_OR_6</subfield>
    <subfield code="7">0</subfield>
    <subfield code="9">18407</subfield>
    <subfield code="a">LBB</subfield>
    <subfield code="b">LBB</subfield>
    <subfield code="c">B168</subfield>
    <subfield code="d">2015-11-30</subfield>
    <subfield code="o">FIS CHH 1998 B168 Or.6</subfield>
    <subfield code="p">RUA025662</subfield>
    <subfield code="r">2015-11-30</subfield>
    <subfield code="w">2015-11-30</subfield>
    <subfield code="y">FIS</subfield>
  </datafield>
  <datafield tag="952" ind1=" " ind2=" ">
    <subfield code="0">0</subfield>
    <subfield code="1">0</subfield>
    <subfield code="2">ddc</subfield>
    <subfield code="4">0</subfield>
    <subfield code="6">FIS_CHH_1998_000000000000000_B168_OR_7</subfield>
    <subfield code="7">0</subfield>
    <subfield code="9">18408</subfield>
    <subfield code="a">LBB</subfield>
    <subfield code="b">LBB</subfield>
    <subfield code="c">B168</subfield>
    <subfield code="d">2015-11-30</subfield>
    <subfield code="o">FIS CHH 1998 B168 Or.7</subfield>
    <subfield code="p">RUA026593</subfield>
    <subfield code="r">2015-11-30</subfield>
    <subfield code="w">2015-11-30</subfield>
    <subfield code="y">FIS</subfield>
  </datafield>
  <datafield tag="952" ind1=" " ind2=" ">
    <subfield code="0">0</subfield>
    <subfield code="1">0</subfield>
    <subfield code="2">ddc</subfield>
    <subfield code="4">0</subfield>
    <subfield code="6">FIS_CHH_1998_000000000000000_B168_OR_8</subfield>
    <subfield code="7">0</subfield>
    <subfield code="9">18409</subfield>
    <subfield code="a">LBB</subfield>
    <subfield code="b">LBB</subfield>
    <subfield code="c">B168</subfield>
    <subfield code="d">2015-11-30</subfield>
    <subfield code="o">FIS CHH 1998 B168 Or.8</subfield>
    <subfield code="p">RUA026521</subfield>
    <subfield code="r">2015-11-30</subfield>
    <subfield code="w">2015-11-30</subfield>
    <subfield code="y">FIS</subfield>
  </datafield>
  <datafield tag="952" ind1=" " ind2=" ">
    <subfield code="0">0</subfield>
    <subfield code="1">0</subfield>
    <subfield code="2">ddc</subfield>
    <subfield code="4">0</subfield>
    <subfield code="6">FIS_CHH_1998_000000000000000_B168_OR_9</subfield>
    <subfield code="7">0</subfield>
    <subfield code="9">18410</subfield>
    <subfield code="a">LBB</subfield>
    <subfield code="b">LBB</subfield>
    <subfield code="c">B168</subfield>
    <subfield code="d">2015-11-30</subfield>
    <subfield code="o">FIS CHH 1998 B168 Or.9</subfield>
    <subfield code="p">RUA027798</subfield>
    <subfield code="r">2015-11-30</subfield>
    <subfield code="w">2015-11-30</subfield>
    <subfield code="y">FIS</subfield>
  </datafield>
  <datafield tag="952" ind1=" " ind2=" ">
    <subfield code="0">0</subfield>
    <subfield code="1">0</subfield>
    <subfield code="2">ddc</subfield>
    <subfield code="4">0</subfield>
    <subfield code="6">FIS_CHH_1998_000000000000000_B168_OR_10</subfield>
    <subfield code="7">0</subfield>
    <subfield code="9">18411</subfield>
    <subfield code="a">LBB</subfield>
    <subfield code="b">LBB</subfield>
    <subfield code="c">B168</subfield>
    <subfield code="d">2015-11-30</subfield>
    <subfield code="o">FIS CHH 1998 B168 Or.10</subfield>
    <subfield code="p">RUA027870</subfield>
    <subfield code="r">2015-11-30</subfield>
    <subfield code="w">2015-11-30</subfield>
    <subfield code="y">FIS</subfield>
  </datafield>
  <datafield tag="952" ind1=" " ind2=" ">
    <subfield code="0">0</subfield>
    <subfield code="1">0</subfield>
    <subfield code="2">ddc</subfield>
    <subfield code="4">0</subfield>
    <subfield code="6">FIS_CHH_1998_000000000000000_B168_OR_11</subfield>
    <subfield code="7">0</subfield>
    <subfield code="9">18412</subfield>
    <subfield code="a">LBB</subfield>
    <subfield code="b">LBB</subfield>
    <subfield code="c">B168</subfield>
    <subfield code="d">2015-11-30</subfield>
    <subfield code="o">FIS CHH 1998 B168 Or.11</subfield>
    <subfield code="p">RUA027726</subfield>
    <subfield code="r">2015-11-30</subfield>
    <subfield code="w">2015-11-30</subfield>
    <subfield code="y">FIS</subfield>
  </datafield>
  <datafield tag="952" ind1=" " ind2=" ">
    <subfield code="0">0</subfield>
    <subfield code="1">0</subfield>
    <subfield code="2">ddc</subfield>
    <subfield code="4">0</subfield>
    <subfield code="6">FIS_CHH_1998_000000000000000_B168_OR_12</subfield>
    <subfield code="7">0</subfield>
    <subfield code="9">18413</subfield>
    <subfield code="a">LBB</subfield>
    <subfield code="b">LBB</subfield>
    <subfield code="c">B168</subfield>
    <subfield code="d">2015-11-30</subfield>
    <subfield code="o">FIS CHH 1998 B168 Or.12</subfield>
    <subfield code="p">RUA010004</subfield>
    <subfield code="r">2015-11-30</subfield>
    <subfield code="w">2015-11-30</subfield>
    <subfield code="y">FIS</subfield>
  </datafield>
</record>
